Old Testament law for Christians : (Record no. 10332)

MARC details
000 -LEADER
fixed length control field 02567cam a2200301 i 4500
001 - CONTROL NUMBER
control field 961153119
003 - CONTROL NUMBER IDENTIFIER
control field OCoLC
005 - DATE AND TIME OF LATEST TRANSACTION
control field 20241126110730.0
008 - FIXED-LENGTH DATA ELEMENTS--GENERAL INFORMATION
fixed length control field 170508s2017 miua b 001 0 eng
010 ## -
-- 2017010891
020 ## - INTERNATIONAL STANDARD BOOK NUMBER
International Standard Book Number 9780801049040
020 ## - INTERNATIONAL STANDARD BOOK NUMBER
International Standard Book Number 0801049040
035 ## - SYSTEM CONTROL NUMBER
System control number (OCoLC)961153119
040 ## - CATALOGING SOURCE
Original cataloging agency DLC
Language of cataloging eng
Description conventions rda
Transcribing agency DLC
Modifying agency YDX
-- OCLCO
-- OCLCF
-- IGR
-- TUU
-- YDX
-- PTS
-- ICW
-- LNT
042 ## -
-- pcc
082 ## - DEWEY DECIMAL CLASSIFICATION NUMBER
Classification number 241.2
Item number GAN
092 ## - LOCALLY ASSIGNED DEWEY CALL NUMBER (OCLC)
Classification number 241.2
Item number G196O
100 1# - MAIN ENTRY--PERSONAL NAME
Personal name Gane, Roy,
Dates associated with a name 1955-
9 (RLIN) 15935
245 10 - TITLE STATEMENT
Title Old Testament law for Christians :
Remainder of title original context and enduring application /
Statement of responsibility, etc. Roy E. Gane
264 #1 - PRODUCTION, PUBLICATION, DISTRIBUTION, MANUFACTURE, AND COPYRIGHT NOTICE
Place of production, publication, distribution, manufacture Grand Rapids, MI :
Name of producer, publisher, distributor, manufacturer Baker Academic, a division of Baker Publishing Group,
Date of production, publication, distribution, manufacture, or copyright notice c2017
300 ## - PHYSICAL DESCRIPTION
Extent xvi, 448 pages :
Other physical details illustrations ;
Dimensions 23 cm
504 ## - BIBLIOGRAPHY, ETC. NOTE
Bibliography, etc. note Includes bibliographical references and indexes
520 ## - SUMMARY, ETC.
Summary, etc. "Christians have often neglected the wisdom of the Old Testament laws because they have been viewed as irrelevant, obscure, disturbing, or only useful as "moral laws". In Old Testament Law for Christians, Roy E. Gane, a leading evangelical expert in biblical law, helps readers understand the Old Testament law, how it functioned in the Old Testament, and how it is and is not instructive for contemporary Christians. This is accomplished by providing a detailed explanation of the law's purpose, as well as looking at the literary and historical background of ancient Israel. Gane proceeds to analyze extensively both the application and value of the Old Testament law. The aim of this work is to aid Christians, especially those who teach others, in understanding how Old Testament laws reveal wise and enduring values and principles, even when certain laws might not directly apply to us today." -- !c From publisher's description
520 ## - SUMMARY, ETC.
Summary, etc. "The Old Testament law is foundational for our understanding of the Bible, but for many it remains some of the Old Testament's most foreign and exotic material. This book by a leading evangelical expert in biblical law helps readers understand Old Testament law, how it functioned in the Old Testament, and how it is (and is not) instructive for contemporary Christians. The author explicates the often confusing legal system of ancient Israel, differentiates between time-bound cultural aspects of Israelite law and universally applicable aspects of the divine value system, and shows the ethical relevance of Old Testament law for Christians today." -- !c From amazon.com
650 #0 - SUBJECT ADDED ENTRY--TOPICAL TERM
Topical term or geographic name entry element Law (Theology)
9 (RLIN) 8574
650 #0 - SUBJECT ADDED ENTRY--TOPICAL TERM
Topical term or geographic name entry element Christianity and law
9 (RLIN) 17928
942 ## - ADDED ENTRY ELEMENTS (KOHA)
Source of classification or shelving scheme Dewey Decimal Classification
Koha item type Books
Holdings
Withdrawn status Lost status Source of classification or shelving scheme Damaged status Not for loan Home library Current Library Shelving location Date acquired Total checkouts Full call number Barcode Date last seen Date last checked out Copy number Price effective from Koha item type
    Dewey Decimal Classification     GRACE BIBLE COLLEGE GRACE BIBLE COLLEGE Theology 2024-06-21 1 241.2 GAN 016893 2025-11-18 2025-11-11 c.1 2024-06-21 Books
    Dewey Decimal Classification     GRACE BIBLE COLLEGE GRACE BIBLE COLLEGE Theology 2024-08-07   241.2 GAN 016839 2025-05-01   c.2 2024-08-07 Books
    Dewey Decimal Classification     GRACE BIBLE COLLEGE GRACE BIBLE COLLEGE Theology 2024-11-19   241.2 GAN 020840 2025-05-01   c.3 2024-11-19 Books
© Grace Bible College Library 2025